[Event "FRA-ch U16"]
[Site "Aix les Bains"]
[Date "2006.??.??"]
[Round "6"]
[White "Milandre, Olivier"]
[Black "Blum, Nicolas"]
[Result "1/2-1/2"]
[WhiteElo "2067"]
[BlackElo "1982"]
[PlyCount "44"]
[EventDate "2006.04.16"]
[EventType "swiss"]
[EventRounds "9"]
[EventCountry "FRA"]
[SourceTitle "EXT 2007"]
[Source "ChessBase"]
[SourceDate "2006.11.23"]
[SourceVersion "1"]
[SourceVersionDate "2006.11.23"]
[SourceQuality "1"]

1. Nf3 g6 2. c4 Bg7 3. d4 d6 4. Nc3 Nd7 5. e4 e5 6. Be2 Ne7 7. 0-0 0-0 8. d5 f5 9. Ng5 Nf6 10. f3 f4 11. c5 h6 12. cxd6 Qxd6 13. Ne6 Bxe6 14. dxe6 Qxe6 15. Qb3 Qxb3 16. axb3 a6 17. Bd2 Nc6 18. Bc4+ Kh7 19. Nd5 Rac8 20. Bc3 Nxd5 21. Bxd5 Nd8 22. Rac1 c6 1/2-1/2

[Event "FRA-chT2C 0506"]
[Site "France"]
[Date "2005.12.04"]
[Round "4.7"]
[White "Chaplin, Erik"]
[Black "Milandre, Olivier"]
[Result "0-1"]
[WhiteElo "2172"]
[BlackElo "2054"]
[PlyCount "70"]
[EventDate "2005.10.27"]
[EventType "team-tourn"]
[EventRounds "11"]
[EventCountry "FRA"]
[SourceTitle "EXT 2006"]
[Source "ChessBase"]
[SourceDate "2005.11.24"]
[SourceVersion "1"]
[SourceVersionDate "2005.11.24"]
[SourceQuality "1"]
[WhiteTeam "Lodeve Saint Affrique"]
[WhiteTeamCountry "FRA"]

1. b3 d5 2. e3 c6 3. Bb2 Bf5 4. f4 e6 5. Nf3 Nf6 6. Be2 Nbd7 7. 0-0 Bg6 8. Nh4 Ne4 9. Qe1 Ndf6 10. d3 Nd6 11. Nd2 Qb6 12. Bd4 c5 13. Bb2 Be7 14. Bf3 0-0 15. e4 dxe4 16. dxe4 Nb5 17. Nc4 Qc7 18. Be5 Qc8 19. f5 exf5 20. exf5 Bh5 21. Bxf6 Bxf6 22. Bxh5 Bxa1 23. Qxa1 Nd4 24. Qd1 b5 25. Ne5 Qc7 26. Re1 Rad8 27. f6 g6 28. Qg4 Ne6 29. Nexg6 hxg6 30. Bxg6 fxg6 31. Nxg6 Rxf6 32. Nf4+ Ng7 33. Nh5 Rf7 34. Re6 Rd1+ 35. Qxd1 Nxe6 0-1

[Event "FRA-chT U20 0405"]
[Site "Lyon"]
[Date "2004.12.19"]
[Round "6.3"]
[White "Blum, Nicolas"]
[Black "Milandre, Olivier"]
[Result "1/2-1/2"]
[WhiteElo "1939"]
[BlackElo "1989"]
[PlyCount "50"]
[EventDate "2004.11.??"]
[EventType "team-tourn"]
[EventRounds "7"]
[EventCountry "FRA"]
[SourceTitle "EXT 2006"]
[Source "ChessBase"]
[SourceDate "2005.11.24"]
[SourceVersion "1"]
[SourceVersionDate "2005.11.24"]
[SourceQuality "1"]
[WhiteTeam "Mulhouse"]
[BlackTeam "Marseille Duchamps"]
[WhiteTeamCountry "FRA"]
[BlackTeamCountry "FRA"]

1. d4 d5 2. Bg5 f6 3. Bh4 Nh6 4. e3 c5 5. Nc3 e6 6. Bg3 Bd7 7. Nf3 Qb6 8. Rb1 Nf7 9. Be2 Nc6 10. 0-0 cxd4 11. exd4 Bd6 12. Re1 Bxg3 13. hxg3 0-0 14. Na4 Qc7 15. c4 Ne7 16. Rc1 Bxa4 17. Qxa4 Nc6 18. cxd5 exd5 19. Bb5 Rac8 20. Rc5 Rfd8 21. Rec1 Rd6 22. Nh4 Nh6 23. b4 Qb6 24. Bxc6 Rdxc6 25. Rxc6 bxc6 1/2-1/2

[Event "FRA-chT U20 0405"]
[Site "Lyon"]
[Date "2004.12.19"]
[Round "5.3"]
[White "Milandre, Olivier"]
[Black "Chretien, Antonin"]
[Result "1/2-1/2"]
[WhiteElo "1989"]
[BlackElo "1740"]
[PlyCount "64"]
[EventDate "2004.11.??"]
[EventType "team-tourn"]
[EventRounds "7"]
[EventCountry "FRA"]
[SourceTitle "EXT 2006"]
[Source "ChessBase"]
[SourceDate "2005.11.24"]
[SourceVersion "1"]
[SourceVersionDate "2005.11.24"]
[SourceQuality "1"]
[WhiteTeam "Marseille Duchamps"]
[BlackTeam "Nancy"]
[WhiteTeamCountry "FRA"]
[BlackTeamCountry "FRA"]

1. Nf3 e6 2. g3 b6 3. Bg2 Bb7 4. 0-0 Nf6 5. c4 c5 6. Nc3 Be7 7. Re1 0-0 8. e4 d6 9. d4 Nc6 10. d5 exd5 11. exd5 Na5 12. b3 Re8 13. Bb2 Bc8 14. Nd2 Bf5 15. Nce4 Nxe4 16. Bxe4 Bf6 17. Qc2 Bxe4 18. Rxe4 Rxe4 19. Nxe4 Bxb2 20. Qxb2 Qe7 21. Re1 f5 22. Qc2 fxe4 23. Rxe4 Qf7 24. Re6 Rd8 25. Qe2 Kf8 26. Qd3 h6 27. Re4 Kg8 28. Qe3 Rd7 29. h4 h5 30. Qd3 Re7 31. Rf4 Qe8 32. Rf5 Re1+ 1/2-1/2

[Event "FRA-chT U20 0405"]
[Site "Lyon"]
[Date "2004.12.18"]
[Round "4.3"]
[White "Feller, Sebastien"]
[Black "Milandre, Olivier"]
[Result "1-0"]
[WhiteElo "2191"]
[BlackElo "1989"]
[PlyCount "55"]
[EventDate "2004.11.??"]
[EventType "team-tourn"]
[EventRounds "7"]
[EventCountry "FRA"]
[SourceTitle "EXT 2006"]
[Source "ChessBase"]
[SourceDate "2005.11.24"]
[SourceVersion "1"]
[SourceVersionDate "2005.11.24"]
[SourceQuality "1"]
[WhiteTeam "Vandoeuvre"]
[BlackTeam "Marseille Duchamps"]
[WhiteTeamCountry "FRA"]
[BlackTeamCountry "FRA"]

1. e4 c5 2. Nf3 a6 3. Nc3 b5 4. g3 Bb7 5. d3 g6 6. Bg2 Bg7 7. 0-0 d6 8. Re1 e5 9. a4 b4 10. Nd5 Nc6 11. c3 a5 12. Be3 Nce7 13. d4 Rc8 14. Bh3 Nxd5 15. exd5 cxd4 16. Nxd4 Ne7 17. Bxc8 Qxc8 18. Nb5 Qd7 19. c4 0-0 20. Qb3 f5 21. f4 g5 22. fxe5 Bxe5 23. Bxg5 f4 24. gxf4 Bxf4 25. Bxf4 Rxf4 26. Kh1 Rxc4 27. Rad1 Nxd5 28. Qxc4 1-0

[Event "France-ch U14"]
[Site "Reims"]
[Date "2004.04.19"]
[Round "2"]
[White "Milandre, Olivier"]
[Black "Delorme, Axel"]
[Result "1/2-1/2"]
[WhiteElo "1900"]
[BlackElo "2137"]
[PlyCount "129"]
[EventDate "2004.04.??"]
[EventType "swiss"]
[EventRounds "9"]
[EventCountry "FRA"]
[SourceTitle "EXT 2005"]
[Source "ChessBase"]
[SourceDate "2004.11.15"]
[SourceVersion "1"]
[SourceVersionDate "2004.11.15"]
[SourceQuality "1"]

1. Nf3 d5 2. g3 Bg4 3. Bg2 Nd7 4. c4 e6 5. cxd5 exd5 6. 0-0 c6 7. d3 Ngf6 8. Qc2 Bd6 9. Nc3 0-0 10. e4 dxe4 11. dxe4 Bxf3 12. Bxf3 Nc5 13. Be3 Ne6 14. Rad1 Qe7 15. Ne2 Be5 16. Nd4 a5 17. Be2 Nxd4 18. Bxd4 Bxd4 19. Rxd4 Rfe8 20. f3 h5 21. Re1 Rad8 22. Rxd8 Qxd8 23. Rd1 Qc7 24. Qd2 h4 25. Kg2 Qe5 26. Qd4 hxg3 27. hxg3 Kf8 28. Kf2 Qxd4+ 29. Rxd4 Re5 30. b4 Ke7 31. a3 g5 32. Bd1 g4 33. Bc2 gxf3 34. Kxf3 Nd7 35. Rc4 Rb5 36. Kf4 Re5 37. Rd4 f6 38. g4 Kd8 39. Rc4 Kc7 40. bxa5 Rxa5 41. a4 Re5 42. Rc3 Nc5 43. Rh3 Ne6+ 44. Ke3 Nf8 45. Rh6 Nd7 46. Kf4 Rc5 47. Bb3 Kd6 48. Rg6 Rc3 49. Bd1 Rc5 50. Bb3 b5 51. g5 Rxg5 52. Rxf6+ Nxf6 53. Kxg5 Nxe4+ 54. Kf4 Nd2 55. axb5 cxb5 56. Bc2 Nc4 57. Ke4 Kc5 58. Kd3 Ne5+ 59. Kc3 b4+ 60. Kb3 Nf3 61. Bd1 Nd4+ 62. Kb2 Kc4 63. Ba4 Nf3 64. Bb3+ Kc5 65. Bd1 1/2-1/2

[Event "FRA-ch U12"]
[Site "Le Grand Bornand"]
[Date "2003.??.??"]
[Round "3.9"]
[White "Richard, Florian"]
[Black "Milandre, Olivier"]
[Result "0-1"]
[WhiteElo "1660"]
[BlackElo "1840"]
[PlyCount "68"]
[EventDate "2003.??.??"]
[EventType "swiss"]
[EventRounds "9"]
[EventCountry "FRA"]
[SourceTitle "EXT 2004"]
[Source "ChessBase"]
[SourceDate "2003.11.25"]
[SourceVersion "1"]
[SourceVersionDate "2003.11.25"]
[SourceQuality "1"]

1. e4 c5 2. Nc3 Nc6 3. f4 g6 4. Nf3 Bg7 5. Bc4 d6 6. 0-0 a6 7. a4 Na5 8. Ba2 c4 9. d3 b5 10. dxc4 bxc4 11. Bd2 Bb7 12. Qe2 Rc8 13. Rab1 Nf6 14. Rfe1 0-0 15. e5 Bxf3 16. Qxf3 dxe5 17. fxe5 Qxd2 18. exf6 Bxf6 19. Ne4 Bd4+ 20. Kh1 Qxc2 21. Rec1 Qxa4 22. Qa3 Qxa3 23. bxa3 c3 24. Rb4 Be3 25. Rc2 Rfd8 26. h3 Rd1+ 27. Kh2 Rc1 28. Bb1 Rxc2 29. Bxc2 f5 30. Ra4 Bb6 31. Ng5 e5 32. Rb4 Rc6 33. Nf3 e4 34. Ne5 Bc7 0-1

[Event "FRA-ch U12"]
[Site "Hyeres"]
[Date "2002.??.??"]
[Round "9.3"]
[White "Blum, Nicolas"]
[Black "Milandre, Olivier"]
[Result "1/2-1/2"]
[WhiteElo "1730"]
[BlackElo "1950"]
[PlyCount "116"]
[EventDate "2002.04.05"]
[EventType "swiss"]
[EventRounds "9"]
[EventCountry "FRA"]
[SourceTitle "EXT 2003"]
[Source "ChessBase"]
[SourceDate "2002.11.25"]
[SourceVersion "1"]
[SourceVersionDate "2002.11.25"]
[SourceQuality "1"]

1. d4 d5 2. Bg5 h6 3. Bh4 Nd7 4. e3 Ngf6 5. c4 e6 6. Nc3 Be7 7. Nf3 c6 8. Qb3 0-0 9. Rc1 Re8 10. Bd3 Qb6 11. 0-0 Qxb3 12. axb3 Bd6 13. e4 dxe4 14. Nxe4 Nxe4 15. Bxe4 f5 16. Bc2 g5 17. Nxg5 hxg5 18. Bxg5 Be7 19. Bxe7 Rxe7 20. Rfe1 Kf7 21. Re3 Nf6 22. Rce1 Ng8 23. h4 Bd7 24. f3 Nh6 25. b4 Rg8 26. Kh2 Rh8 27. g3 Rhe8 28. Re5 Kf6 29. Ra5 a6 30. Kg2 e5 31. d5 cxd5 32. Rxd5 Bc6 33. Rd6+ Re6 34. Rxe6+ Rxe6 35. Kf2 e4 36. b5 axb5 37. cxb5 Bd5 38. Rd1 e3+ 39. Ke2 Bc4+ 40. Bd3 Bb3 41. Rc1 Nf7 42. Rc3 Bd5 43. Rc5 Re5 44. b4 Bb3 45. Rxe5 Nxe5 46. Kxe3 b6 47. Be2 Be6 48. h5 Bd7 49. Kd4 Be6 50. g4 fxg4 51. fxg4 Nxg4 52. Bxg4 Bxg4 53. Kd5 Bxh5 54. Kc6 Ke7 55. Kxb6 Kd7 56. Ka7 Kc8 57. b6 Bf3 58. b5 Bb7 1/2-1/2